ბათუმის შოთა რუსთაველის სახელმწიფო უნივერსიტეტის ბიბლიოთეკა

რუსეთი (სსრკ)xix საუკუნის ბოლოს -xxi საუკუნის დასაწყისში. (ბიბ.ჩანაწერი № 43325)

000 -LEADER
fixed length control field 01061nam a2200217Ia 4500
001 - CONTROL NUMBER
control field 10053
003 - CONTROL NUMBER IDENTIFIER
control field GE_BSU
008 - FIXED-LENGTH DATA ELEMENTS--GENERAL INFORMATION
fixed length control field 181216s||||||||xx |||||||||||||| ||und||
040 ## - CATALOGING SOURCE
Transcribing agency GE_BSU
080 ## - UNIVERSAL DECIMAL CLASSIFICATION NUMBER
Universal Decimal Classification number 94(470)"18"(072)
245 ## - TITLE STATEMENT
Title რუსეთი (სსრკ)xix საუკუნის ბოლოს -xxi საუკუნის დასაწყისში.
245 ## - TITLE STATEMENT
Remainder of title მეთოდური მითითებები უმაღლესი სასწ.სტუდენტებისათვის.
245 ## - TITLE STATEMENT
Statement of responsibility, etc. შემდგ:რევაზ დიასამიძე,სამეცნ.რედ.ვახტანგ გურული;რედ:ემზარ მაკარაძე
260 ## - PUBLICATION, DISTRIBUTION, ETC.
Place of publication, distribution, etc. ბათუმი.
260 ## - PUBLICATION, DISTRIBUTION, ETC.
Name of publisher, distributor, etc. უნ-ტის გამ-ბა.
260 ## - PUBLICATION, DISTRIBUTION, ETC.
Date of publication, distribution, etc. 2014.
300 ## - PHYSICAL DESCRIPTION
Extent 206გვ;20სმ.
653 ## - INDEX TERM--UNCONTROLLED
Uncontrolled term რუსეთი (სსრკ)xix საუკუნის ბოლოს -xxi საუკუნის დასაწყისში.
942 ## - ADDED ENTRY ELEMENTS (KOHA)
Koha item type წიგნი
ეგზემპლარები
Withdrawn status Lost status Damaged status Not for loan Date acquired Barcode Date last seen Price effective from Koha item type
        2018-12-17 33706 2018-12-17 2018-12-17 წიგნი
        2018-12-17 33707 2018-12-17 2018-12-17 წიგნი
        2018-12-17 33708 2018-12-17 2018-12-17 წიგნი
        2018-12-17 33709 2018-12-17 2018-12-17 წიგნი
        2018-12-17 33710 2018-12-17 2018-12-17 წიგნი